[Event "Valencia zt 2.3"]
[Site "Valencia"]
[Date "2000.??.??"]
[Round "1"]
[White "Zapata, Alonso"]
[Black "Ostos, Julio"]
[Result "1-0"]
[WhiteElo "2487"]
[BlackElo "2344"]
[EventDate "2000.08.23"]
[PlyCount "153"]

1.e4 e6 2.d4 d5 3.Nd2 Nf6 4.e5 Nfd7 5.Bd3 c5 6.c3 Nc6 7.Ne2 cxd4 8.cxd4 f6
9.exf6 Qxf6 10.Nf3 h6 11.O-O Bd6 12.Nc3 O-O 13.Be3 Rd8 14.Rc1 Nf8 15.h3 
Bd7 16.Nh2 Bxh2+ 17.Kxh2 e5 18.Nxd5 Qd6 19.dxe5 Nxe5 20.Bf4 Bc6 21.Ne3 
Qxd3 22.Bxe5 Qe4 23.Qb3+ Kh8 24.Bg3 Rd3 25.Qc2 Rad8 26.Rfe1 Ne6 27.f3 Qg6 
28.Ng4 Nd4 29.Ne5 Nxc2 30.Nxg6+ Kh7 31.Rxc2 Kxg6 32.Be5 Rd2 33.Rxd2 Rxd2 
34.Bc3 Rd7 35.h4 h5 36.Kg3 Rd5 37.Re4 Rd7 38.Re8 Rd6 39.Rc8 Rd7 40.a3 a6 
41.Kf4 Re7 42.Rg8 Kh7 43.Rd8 Re2 44.g4 Rf2 45.Kg5 Rxf3 46.Kxh5 Rf7 47.Kg5 
Rd7 48.Rc8 Rd5+ 49.Kf4 Rd1 50.h5 Rf1+ 51.Kg5 Rd1 52.Rf8 Rd5+ 53.Kh4 Rd1 
54.Be5 Rh1+ 55.Kg5 Rd1 56.Rc8 Rd5 57.Kf4 g5+ 58.hxg6+ Kxg6 59.Rf8 Rd7 60.
Rf6+ Kh7 61.g5 Rd1 62.Rf7+ Kg6 63.Rg7+ Kh5 64.Rh7+ Kg6 65.Rh6+ Kf7 66.g6+ 
Ke7 67.Rh7+ Ke6 68.g7 Rf1+ 69.Ke3 Rg1 70.Bc3 Bd5 71.Kd4 Rg4+ 72.Kc5 Rc4+ 
73.Kb6 Rc6+ 74.Ka7 Rc8 75.Bb4 Kf6 76.Bf8 Bg8 77.Rh8 1-0

[Event "Valencia zt 2.3"]
[Site "Valencia"]
[Date "2000.??.??"]
[Round "2"]
[White "Dominguez Perez, Leinier"]
[Black "Zapata, Alonso"]
[Result "1/2-1/2"]
[WhiteElo "2534"]
[BlackElo "2487"]
[EventDate "2000.08.23"]
[PlyCount "108"]

1.e4 c5 2.Nf3 e6 3.d4 cxd4 4.Nxd4 Nc6 5.Nc3 Qc7 6.f4 a6 7.Nxc6 Qxc6 8.Bd3 
b5 9.Qe2 Bb7 10.Bd2 Nf6 11.e5 Nd5 12.Be4 Bc5 13.Nxd5 exd5 14.Bf3 O-O 15.
O-O-O Rac8 16.Kb1 Qb6 17.Bc1 d4 18.Rhe1 Rfe8 19.Bxb7 Qxb7 20.Qe4 Qxe4 21.
Rxe4 d6 22.Rde1 dxe5 23.Rxe5 Kf8 24.Bd2 f6 25.Rd5 Rxe1+ 26.Bxe1 Ke7 27.f5 
Bd6 28.Rxd4 Bxh2 29.Bb4+ Kf7 30.b3 h6 31.Kc1 Ke8 32.Kd2 Be5 33.Rd5 h5 34.
Kd3 Kf7 35.c4 bxc4+ 36.bxc4 g5 37.Rd7+ Kg8 38.Bd6 Bxd6 39.Rxd6 Kg7 40.Rd7+
Kh6 41.Rf7 g4 42.Rxf6+ Kg5 43.Rxa6 h4 44.f6 h3 45.gxh3 gxh3 46.Ra5+ Kg4 
47.Ra7 Rh8 48.Rg7+ Kf3 49.f7 Rd8+ 50.Kc3 h2 51.Rh7 Kg2 52.c5 Rf8 53.Rg7+ 
Kf3 54.Rh7 Kg2 1/2-1/2

[Event "Valencia zt 2.3"]
[Site "Valencia"]
[Date "2000.??.??"]
[Round "2"]
[White "Gonzalez Acosta, Bernal Manuel"]
[Black "Nogueiras Santiago, Jesus"]
[Result "1/2-1/2"]
[WhiteElo "2428"]
[BlackElo "2552"]
[EventDate "2000.08.23"]
[PlyCount "32"]

1.e4 e6 2.d4 d5 3.exd5 exd5 4.Nf3 Nf6 5.Bd3 Be7 6.O-O O-O 7.Bg5 Bg4 8.Nbd2
Nbd7 9.Re1 Re8 10.c3 h6 11.Bf4 Bd6 12.Bxd6 Rxe1+ 13.Qxe1 cxd6 14.Nh4 Nb6 
15.f3 Be6 16.Nf5 Qc7 1/2-1/2

[Event "Valencia zt 2.3"]
[Site "Valencia"]
[Date "2000.??.??"]
[Round "2"]
[White "Ostos, Julio"]
[Black "Ordonez, Francisco"]
[Result "1-0"]
[WhiteElo "2344"]
[BlackElo "2295"]
[EventDate "2000.08.23"]
[PlyCount "93"]

1.e4 c6 2.d3 d5 3.Nd2 e5 4.Ngf3 Bd6 5.d4 exd4 6.exd5 cxd5 7.Nb3 Nc6 8.
Nbxd4 Nge7 9.Bd3 Bg4 10.Be3 Qd7 11.Qd2 O-O 12.O-O Rad8 13.Rfe1 Nf5 14.h3 
Nxe3 15.Qxe3 Bxf3 16.Nxf3 Bc7 17.Rad1 h6 18.Bb5 Rfe8 19.Qd3 Rxe1+ 20.Rxe1 
Qd6 21.c3 Ne7 22.Ba4 Ng6 23.Bc2 Qb6 24.b3 Qf6 25.h4 Bb6 26.h5 Nf8 27.Bb1 
Ba5 28.b4 Bb6 29.a4 a6 30.a5 Ba7 31.Ba2 Ne6 32.Bb1 Nf8 33.Re5 Bb8 34.Rf5 
Qe6 35.Ba2 Nh7 36.Bxd5 Nf6 37.c4 Qe7 38.g3 Nxd5 39.Rxd5 Rxd5 40.Qxd5 Qc7 
41.Kg2 Qe7 42.c5 Kf8 43.Qf5 Qe6 44.Qh7 f6 45.Nh4 Qd5+ 46.Kh2 Qg8 47.Qf5 
1-0

[Event "Valencia zt 2.3"]
[Site "Valencia"]
[Date "2000.??.??"]
[Round "2"]
[White "Prasca Sosa, Raphael Felipe"]
[Black "Rohl Montes, Juan Armando"]
[Result "0-1"]
[WhiteElo "2256"]
[BlackElo "2350"]
[EventDate "2000.08.23"]
[PlyCount "66"]

1.e4 c5 2.c3 Nf6 3.e5 Nd5 4.d4 cxd4 5.cxd4 d6 6.Nf3 Nc6 7.Bc4 Nb6 8.Bb5 
dxe5 9.Nxe5 Bd7 10.Bxc6 Bxc6 11.Nxc6 bxc6 12.O-O g6 13.Be3 Bg7 14.Nc3 O-O 
15.Qd3 Nd5 16.Rad1 Rb8 17.b3 Qa5 18.Na4 Rfd8 19.Qc4 Qb5 20.Rc1 Nb4 21.Nc5 
Nxa2 22.Qxb5 Rxb5 23.Rc4 Nb4 24.Ra1 a5 25.g3 h5 26.Ne4 Nd5 27.Ra3 Nxe3 28.
fxe3 e5 29.Rxc6 exd4 30.exd4 Bxd4+ 31.Kg2 Re5 32.Nc3 Bxc3 33.Rxc3 Rd2+ 0-1

[Event "Valencia zt 2.3"]
[Site "Valencia"]
[Date "2000.??.??"]
[Round "2"]
[White "Russek Libni, Guil"]
[Black "Leyva, Hector"]
[Result "1/2-1/2"]
[WhiteElo "2400"]
[BlackElo "2409"]
[EventDate "2000.08.23"]
[PlyCount "100"]

1.e4 c5 2.c3 Nf6 3.e5 Nd5 4.Nf3 e6 5.d4 cxd4 6.cxd4 d6 7.a3 Bd7 8.Bd3 Bc6 
9.O-O Nd7 10.b4 a6 11.Re1 dxe5 12.dxe5 g6 13.Nbd2 Bg7 14.Bb2 O-O 15.Nc4 
Bb5 16.Rc1 Qe7 17.Na5 Bxd3 18.Qxd3 Rfc8 19.h4 Bh6 20.Rxc8+ Rxc8 21.Nxb7 
Nxe5 22.Nxe5 Qxb7 23.Ng4 Bg7 24.Bxg7 Kxg7 25.Qd4+ Kf8 26.Qh8+ Ke7 27.Qg7 
Qc7 28.Ne5 Rf8 29.Qxh7 Qc3 30.Kf1 Ke8 31.Qh6 Ke7 32.h5 gxh5 33.Qxh5 Nf6 
34.Qe2 Rh8 35.Kg1 Rh4 36.Qe3 Qxe3 37.Rxe3 Nd5 38.Rf3 Rh7 39.g3 f6 40.Nd3 
Kd6 41.Nf4 Ke5 42.Nd3+ Kd6 43.Nc5 a5 44.Rb3 axb4 45.axb4 f5 46.Kg2 Nxb4 
47.Nxe6 Kxe6 48.Rxb4 Ra7 49.Kf3 Ra6 50.Kf4 Kf6 1/2-1/2

[Event "Valencia zt 2.3"]
[Site "Valencia"]
[Date "2000.??.??"]
[Round "2"]
[White "Sequera Paolini, Jose"]
[Black "Estrada Nieto, Julian"]
[Result "1-0"]
[WhiteElo "2357"]
[BlackElo "2397"]
[EventDate "2000.08.23"]
[PlyCount "135"]

1.e4 e5 2.Nf3 Nc6 3.d4 exd4 4.Nxd4 Nf6 5.Nxc6 bxc6 6.e5 Qe7 7.Qe2 Nd5 8.c4
Ba6 9.b3 g6 10.f4 Qb4+ 11.Bd2 Qb6 12.Qe4 f5 13.Qf3 Qd4 14.Nc3 Nxc3 15.Bxc3
Bb4 16.Rc1 Bxc3+ 17.Rxc3 O-O-O 18.c5 Bxf1 19.Rxf1 g5 20.Qd3 Qxd3 21.Rxd3 
Rhe8 22.Re3 g4 23.Kf2 d6 24.Rfe1 dxe5 25.Rxe5 Rd2+ 26.Kg3 Red8 27.R1e3 
R8d5 28.Re8+ Kb7 29.Re2 Rxe2 30.Rxe2 Rxc5 31.Kh4 Rd5 32.Kg5 Kb6 33.g3 a5 
34.Re5 Rd2 35.Rxf5 Rxa2 36.Re5 a4 37.bxa4 c5 38.f5 c4 39.f6 Rf2 40.Rf5 
Rxf5+ 41.Kxf5 c3 42.f7 c2 43.f8=Q c1=Q 44.Qb4+ Ka7 45.Kxg4 Qd1+ 46.Kg5 
Qd5+ 47.Kf4 Qf7+ 48.Ke3 Qe6+ 49.Kd3 Qh3 50.Qc5+ Kb8 51.Qc2 h5 52.Ke3 Qf1 
53.Qb2+ Ka7 54.Qd4+ Kb7 55.Qd5+ Ka7 56.Qa5+ Kb7 57.Qb5+ Qxb5 58.axb5 Kb6 
59.h4 Kxb5 60.g4 hxg4 61.h5 g3 62.h6 g2 63.Kf2 c5 64.h7 Kb4 65.h8=Q Kb3 
66.Qh3+ Kb4 67.Qxg2 Kc3 68.Ke1 1-0

[Event "Valencia zt 2.3"]
[Site "Valencia"]
[Date "2000.??.??"]
[Round "3"]
[White "Estrada Nieto, Julian"]
[Black "Ostos, Julio"]
[Result "1/2-1/2"]
[WhiteElo "2397"]
[BlackElo "2344"]
[EventDate "2000.08.23"]
[PlyCount "61"]

1.e4 e6 2.d4 d5 3.Nd2 Nf6 4.e5 Nfd7 5.Bd3 c5 6.c3 Nc6 7.Ne2 Qb6 8.Nf3 cxd4
9.cxd4 f6 10.exf6 Nxf6 11.O-O Bd6 12.b3 O-O 13.Bf4 Bxf4 14.Nxf4 Ne4 15.Ne2
Bd7 16.Bxe4 dxe4 17.Ng5 Rad8 18.Nxe4 e5 19.dxe5 Bf5 20.Qc2 Nxe5 21.N2g3 
Bg6 22.Rad1 h5 23.Qc5 Rxd1 24.Rxd1 h4 25.Qxe5 hxg3 26.Nxg3 Qxf2+ 27.Kh1 
Qxa2 28.h4 Qxb3 29.Rd7 Rf7 30.Rd8+ Rf8 31.Rd7 1/2-1/2

[Event "Valencia zt 2.3"]
[Site "Valencia"]
[Date "2000.??.??"]
[Round "3"]
[White "Hernandez, Alexander"]
[Black "Sequera Paolini, Jose"]
[Result "0-1"]
[WhiteElo "2229"]
[BlackElo "2357"]
[EventDate "2000.08.23"]
[PlyCount "78"]

1.e4 e6 2.d4 d5 3.Nd2 Nf6 4.e5 Nfd7 5.f4 c5 6.Ndf3 Nc6 7.Ne2 b5 8.c3 b4 9.
f5 exf5 10.Nf4 bxc3 11.bxc3 cxd4 12.Bb5 Qa5 13.Nxd5 Ne7 14.Qb3 a6 15.Ng5 
axb5 16.Nc7+ Kd8 17.Nxa8 Nxe5 18.O-O h6 19.Nxf7+ Nxf7 20.Qxf7 Qxa8 21.Rd1 
Nd5 22.cxd4 Qb7 23.Qh5 Be7 24.Bd2 Qb6 25.a4 b4 26.a5 Qa6 27.Re1 Bf6 28.Qf7
Qb7 29.Qxb7 Bxb7 30.Kh1 Bxd4 31.Rad1 Bc3 32.a6 Ba8 33.Bxc3 bxc3 34.a7 Re8 
35.Rf1 g6 36.Kg1 Kc7 37.Rb1 c2 38.Rb2 Ne3 39.Rc1 Rd8 0-1

[Event "Valencia zt 2.3"]
[Site "Valencia"]
[Date "2000.??.??"]
[Round "3"]
[White "Leyva, Hector"]
[Black "Gonzalez Acosta, Bernal Manuel"]
[Result "1/2-1/2"]
[WhiteElo "2409"]
[BlackElo "2428"]
[EventDate "2000.08.23"]
[PlyCount "44"]

1.d4 Nf6 2.Nf3 c5 3.d5 g6 4.Nc3 d6 5.e4 Bg7 6.Bb5+ Nbd7 7.a4 O-O 8.O-O a6 
9.Be2 b6 10.h3 Rb8 11.Re1 Ne8 12.Bf4 Ne5 13.Qd2 Qc7 14.Bg3 Nxf3+ 15.Bxf3 
b5 16.axb5 axb5 17.Qe2 b4 18.Nd1 Be5 19.Bxe5 dxe5 20.c4 b3 21.Ra3 Rb4 22.
Ne3 Nd6 1/2-1/2

[Event "Valencia zt 2.3"]
[Site "Valencia"]
[Date "2000.??.??"]
[Round "3"]
[White "Rohl Montes, Juan Armando"]
[Black "Russek Libni, Guil"]
[Result "1/2-1/2"]
[WhiteElo "2350"]
[BlackElo "2400"]
[EventDate "2000.08.23"]
[PlyCount "34"]

1.e4 e6 2.d4 d5 3.e5 c5 4.c3 Nc6 5.Be3 Bd7 6.Nf3 Qb6 7.Qd2 f6 8.Bd3 c4 9.
Be2 Nge7 10.O-O Ng6 11.Na3 Bxa3 12.bxa3 Qc7 13.h4 fxe5 14.h5 exd4 15.Nxd4 
Nge7 16.Bg4 Nxd4 17.cxd4 O-O 1/2-1/2

[Event "Valencia zt 2.3"]
[Site "Valencia"]
[Date "2000.??.??"]
[Round "4"]
[White "Gonzalez Acosta, Bernal Manuel"]
[Black "Sequera Paolini, Jose"]
[Result "1-0"]
[WhiteElo "2428"]
[BlackElo "2357"]
[EventDate "2000.08.23"]
[PlyCount "59"]

1.f4 Nf6 2.Nf3 d6 3.g3 Nc6 4.Bg2 e5 5.d3 exf4 6.gxf4 d5 7.O-O Bg4 8.Ne5 
Bc5+ 9.Kh1 Qe7 10.c3 O-O 11.d4 Bb6 12.Qd3 Qe6 13.Nxg4 Qxg4 14.Nd2 Rae8 15.
e4 dxe4 16.Nxe4 Nxe4 17.Bxe4 f5 18.Bf3 Qh4 19.Bd2 Nd8 20.Rae1 Rxe1 21.Rxe1
c6 22.Qe3 h6 23.Re2 Kh7 24.c4 Rf6 25.c5 Bc7 26.d5 cxd5 27.Bxd5 Qh5 28.Bc3 
Bxf4 29.Qe8 Qxe8 30.Rxe8 1-0

[Event "Valencia zt 2.3"]
[Site "Valencia"]
[Date "2000.??.??"]
[Round "4"]
[White "Nogueiras Santiago, Jesus"]
[Black "Zapata, Alonso"]
[Result "1/2-1/2"]
[WhiteElo "2552"]
[BlackElo "2487"]
[EventDate "2000.08.23"]
[PlyCount "74"]

1.c4 Nf6 2.Nf3 g6 3.d4 Bg7 4.g3 O-O 5.Bg2 d6 6.O-O Nc6 7.Nc3 a6 8.h3 Rb8 
9.e4 b5 10.e5 dxe5 11.dxe5 Qxd1 12.Rxd1 Nd7 13.e6 fxe6 14.cxb5 axb5 15.Bf4
b4 16.Na4 Nb6 17.Nxb6 Rxb6 18.Bxc7 Rb7 19.Bf4 Bxb2 20.Rab1 Bc3 21.Ng5 Rb6 
22.Be3 Ra6 23.Ne4 Rxa2 24.Rbc1 Ne5 25.Nxc3 bxc3 26.Rxc3 Ba6 27.Bf4 Be2 28.
Re1 Nf7 29.Rc7 Kg7 30.Rxe7 Kf6 31.Rc7 Rd8 32.h4 h6 33.Rc6 g5 34.hxg5+ hxg5
35.Bc7 Rdd2 36.Rc3 Rab2 37.Rc6 Ra2 1/2-1/2

[Event "Valencia zt 2.3"]
[Site "Valencia"]
[Date "2000.??.??"]
[Round "4"]
[White "Prasca Sosa, Raphael Felipe"]
[Black "Hernandez, Alexander"]
[Result "0-1"]
[WhiteElo "2256"]
[BlackElo "2229"]
[EventDate "2000.08.23"]
[PlyCount "122"]

1.e4 e5 2.Nf3 Nc6 3.Bc4 Nf6 4.d3 h6 5.c3 d6 6.Qe2 g6 7.h3 Bd7 8.d4 Bg7 9.
dxe5 Nxe5 10.Nxe5 dxe5 11.Nd2 O-O 12.g4 c5 13.f3 Qe8 14.Nf1 b5 15.Bd3 c4 
16.Bc2 Be6 17.Be3 Qc6 18.Ng3 Nd7 19.Nf5 gxf5 20.gxf5 Nc5 21.fxe6 Nxe6 22.
O-O-O b4 23.Rhg1 Nf4 24.Bxf4 exf4 25.Qg2 Qg6 26.Qxg6 fxg6 27.cxb4 g5 28.
Rd5 Rfd8 29.Rgd1 Rxd5 30.Rxd5 c3 31.b3 Rb8 32.a3 Rb7 33.Bd3 Kf7 34.Kc2 Re7
35.Bc4 Kg6 36.Rd6+ Kh5 37.Be6 Kh4 38.Bf5 h5 39.b5 Kg3 40.Rd3 g4 41.fxg4+ 
f3 42.gxh5 Kg2 43.h4 f2 44.Bh3+ Kg1 45.Rd1+ Kh2 46.Bf1 Rxe4 47.a4 Rxh4 48.
a5 Rxh5 49.Rd7 Be5 50.a6 Kg1 51.Rd1 Rh6 52.Bc4+ Kg2 53.b4 Rf6 54.Bf1+ Kh2 
55.Bc4 Rf4 56.Kb3 c2 57.Rc1 Rf3+ 58.Ka2 Rc3 59.b6 Rxc4 60.bxa7 Rc8 61.b5 
Bd4 0-1

[Event "Valencia zt 2.3"]
[Site "Valencia"]
[Date "2000.??.??"]
[Round "5"]
[White "Hernandez, Alexander"]
[Black "Dominguez Perez, Leinier"]
[Result "0-1"]
[WhiteElo "2229"]
[BlackElo "2534"]
[EventDate "2000.08.23"]
[PlyCount "112"]

1.e4 c5 2.Nf3 d6 3.d4 cxd4 4.Nxd4 Nf6 5.Nc3 a6 6.g3 e5 7.Nde2 b5 8.Bg2 Bb7
9.a4 Nbd7 10.O-O b4 11.Nd5 Nxd5 12.exd5 a5 13.c3 bxc3 14.Nxc3 Be7 15.Be3 
O-O 16.Nb5 Ba6 17.Rc1 Rb8 18.Na7 Rxb2 19.Nc6 Qe8 20.Re1 Bd8 21.Bd4 Be2 22.
Rxe2 Rxe2 23.Qxe2 exd4 24.Qd2 Nc5 25.Re1 Qd7 26.Qxd4 Re8 27.Rxe8+ Qxe8 28.
Qd2 Nxa4 29.Nxa5 Bxa5 30.Qxa5 g6 31.Bf3 Nc5 32.Qc3 Qb5 33.h4 Qb1+ 34.Kg2 
h5 35.Be2 Qe4+ 36.Bf3 Qf5 37.Qe3 Qc2 38.Qe2 Qc3 39.g4 hxg4 40.Bxg4 Qd4 41.
h5 Nd3 42.Kf1 Ne5 43.Bf3 Qf4 44.Bh1 Qh2 45.Be4 f5 46.hxg6 fxe4 47.Qxe4 
Qh3+ 48.Ke2 Qh5+ 49.Ke3 Qxg6 50.Qd4 Qg5+ 51.f4 Qg1+ 52.Ke4 Qxd4+ 53.Kxd4 
Nd7 54.Kc4 Kf7 55.Kb5 Nf6 56.Kc6 Ne4 0-1

[Event "Valencia zt 2.3"]
[Site "Valencia"]
[Date "2000.??.??"]
[Round "5"]
[White "Leyva, Hector"]
[Black "Ostos, Julio"]
[Result "1-0"]
[WhiteElo "2409"]
[BlackElo "2344"]
[EventDate "2000.08.23"]
[PlyCount "33"]

1.e4 e6 2.d4 d5 3.Nc3 Bb4 4.e5 Ne7 5.a3 Bxc3+ 6.bxc3 c5 7.Qg4 Qc7 8.Bd3 
cxd4 9.Ne2 Nbc6 10.cxd4 h5 11.Qh4 b6 12.O-O Ng6 13.Qg5 Qd8 14.Qe3 O-O 15.
Ng3 h4 16.Nh5 Nce7 17.Nxg7 1-0

[Event "Valencia zt 2.3"]
[Site "Valencia"]
[Date "2000.??.??"]
[Round "5"]
[White "Rohl Montes, Juan Armando"]
[Black "Nogueiras Santiago, Jesus"]
[Result "1/2-1/2"]
[WhiteElo "2350"]
[BlackElo "2552"]
[EventDate "2000.08.23"]
[PlyCount "68"]

1.e4 e6 2.d4 d5 3.e5 c5 4.c3 Nc6 5.Be3 Nge7 6.Nf3 Nf5 7.Bd3 cxd4 8.cxd4 
Be7 9.O-O h5 10.Nc3 g5 11.Bc2 b6 12.Rc1 Bb7 13.Nb5 Kf8 14.Bxf5 exf5 15.Nd6
Bxd6 16.exd6 f6 17.Qd3 Qxd6 18.Qxf5 Ne7 19.Qd3 Kg7 20.Rfe1 Ng6 21.Bxg5 
fxg5 22.Nxg5 Rae8 23.Qf5 Rhf8 24.Ne6+ Rxe6 25.Qxe6 Qxe6 26.Rxe6 Rf7 27.g3 
Ne7 28.Kg2 Nf5 29.Rd1 Bc8 30.Re5 Kg6 31.Rd3 Nd6 32.f3 Nc4 33.Re2 Kf6 34.b3
Nd6 1/2-1/2

[Event "Valencia zt 2.3"]
[Site "Valencia"]
[Date "2000.??.??"]
[Round "5"]
[White "Sequera Paolini, Jose"]
[Black "Russek Libni, Guil"]
[Result "1/2-1/2"]
[WhiteElo "2357"]
[BlackElo "2400"]
[EventDate "2000.08.23"]
[PlyCount "55"]

1.e4 e6 2.d4 d5 3.Nd2 c5 4.Ngf3 a6 5.dxc5 Bxc5 6.Nb3 Ba7 7.exd5 exd5 8.Bd3
Bg4 9.O-O Ne7 10.Re1 Nc6 11.Be3 d4 12.Bf4 f6 13.h3 Bh5 14.Bc4 b5 15.Be6 
Bf7 16.Qe2 O-O 17.Rad1 Ng6 18.Bg3 Nge5 19.Bxe5 Bxe6 20.Bxd4 Nxd4 21.Nfxd4 
Bc4 22.Qg4 Qb6 23.Re3 Rad8 24.Rde1 Rxd4 25.Nxd4 Qxd4 26.Qf3 Bd5 27.Qf5 Bf7
28.Re7 1/2-1/2

[Event "Valencia zt 2.3"]
[Site "Valencia"]
[Date "2000.??.??"]
[Round "6"]
[White "Dominguez Perez, Leinier"]
[Black "Gonzalez Acosta, Bernal Manuel"]
[Result "1/2-1/2"]
[WhiteElo "2534"]
[BlackElo "2428"]
[EventDate "2000.08.23"]
[PlyCount "61"]

1.e4 c5 2.Nf3 Nc6 3.d4 cxd4 4.Nxd4 g6 5.c4 Bg7 6.Be3 Nf6 7.Nc3 O-O 8.Be2 
d6 9.O-O Bd7 10.Qd2 Nxd4 11.Bxd4 Bc6 12.f3 a5 13.b3 Nd7 14.Be3 Nc5 15.Rab1
Qb6 16.Rfc1 Qb4 17.Qb2 Qb6 18.Qd2 Qb4 19.Rc2 Rfc8 20.Qc1 Qb6 21.a3 Qd8 22.
Qd2 h5 23.Bf1 Kh7 24.b4 axb4 25.axb4 Ne6 26.Nd5 Ra3 27.Bb6 Qf8 28.Qf2 Be5 
29.g3 Ng5 30.Be3 Bxd5 31.Bxg5 1/2-1/2

[Event "Valencia zt 2.3"]
[Site "Valencia"]
[Date "2000.??.??"]
[Round "6"]
[White "Estrada Nieto, Julian"]
[Black "Prasca Sosa, Raphael Felipe"]
[Result "1/2-1/2"]
[WhiteElo "2397"]
[BlackElo "2256"]
[EventDate "2000.08.23"]
[PlyCount "35"]

1.e4 e6 2.d4 d5 3.Nd2 Nf6 4.e5 Nfd7 5.Bd3 c5 6.c3 b6 7.Ne2 Ba6 8.Bxa6 Nxa6
9.O-O Nc7 10.Nf4 Be7 11.Qg4 g6 12.Re1 b5 13.a4 a6 14.Nf3 c4 15.h4 h5 16.
Qg3 Nb6 17.axb5 axb5 18.Bd2 1/2-1/2

[Event "Valencia zt 2.3"]
[Site "Valencia"]
[Date "2000.??.??"]
[Round "6"]
[White "Leyva, Hector"]
[Black "Zapata, Alonso"]
[Result "0-1"]
[WhiteElo "2409"]
[BlackElo "2487"]
[EventDate "2000.08.23"]
[PlyCount "70"]

1.d4 Nf6 2.Nf3 g6 3.c4 d6 4.Nc3 Nbd7 5.e4 e5 6.Be2 Bg7 7.d5 a5 8.Be3 Ng4 
9.Bg5 f6 10.Bd2 Nc5 11.h3 Nh6 12.g4 Nf7 13.Be3 Bh6 14.Bxh6 Nxh6 15.Nd2 O-O
16.Nb3 Bd7 17.Qd2 Nf7 18.h4 a4 19.Nxc5 dxc5 20.Qe3 Ra5 21.O-O-O Nd6 22.
Rdf1 Qe7 23.f4 exf4 24.Qxf4 Raa8 25.Qe3 a3 26.g5 axb2+ 27.Kxb2 Qe5 28.gxf6
Bf5 29.Qh6 Rxf6 30.Qf4 Rxa2+ 31.Kxa2 Qxc3 32.Qc1 Nxe4 33.Qxc3 Nxc3+ 34.Kb3
Nxe2 35.Re1 Bd3 0-1

[Event "Valencia zt 2.3"]
[Site "Valencia"]
[Date "2000.??.??"]
[Round "6"]
[White "Ordonez, Francisco"]
[Black "Hernandez, Alexander"]
[Result "1-0"]
[WhiteElo "2295"]
[BlackElo "2229"]
[EventDate "2000.08.23"]
[PlyCount "129"]

1.d4 Nf6 2.c4 e6 3.Nc3 Bb4 4.Nf3 c5 5.g3 b6 6.Bg2 Bb7 7.O-O cxd4 8.Qxd4 
Nc6 9.Qd3 O-O 10.Bf4 Bxc3 11.Qxc3 d5 12.Rfd1 Qe7 13.Bg5 dxc4 14.Qxc4 h6 
15.Bd2 Rac8 16.Qa4 Rfd8 17.Bc3 Nd5 18.Be1 a5 19.Rac1 Ndb4 20.a3 Rxd1 21.
Rxd1 Nd5 22.Qb5 Na7 23.Qb3 Ba6 24.Nd4 Bc4 25.Qf3 Nf6 26.e4 Nb5 27.Nxb5 
Bxb5 28.Bc3 e5 29.Qe3 Qe6 30.h3 Ba6 31.Qd2 Bb7 32.Qd6 Bxe4 33.Qxe6 fxe6 
34.Bxe4 Nxe4 35.Bxe5 Rc5 36.Rd8+ Kf7 37.Bd4 Rc1+ 38.Kg2 Nc5 39.Rc8 Rd1 40.
Rc7+ Ke8 41.Bxg7 Nd3 42.Kf3 e5 43.Ke2 Nxb2 44.Bxe5 Rb1 45.Rc6 b5 46.Rxh6 
Nc4 47.g4 Nxa3 48.g5 Nc4 49.g6 Nxe5 50.Rh8+ Ke7 51.g7 Rg1 52.g8=Q Rxg8 53.
Rxg8 b4 54.Ra8 Nc4 55.Kd3 Nb2+ 56.Kc2 Nc4 57.Ra6 Kd7 58.h4 Nd6 59.Rxa5 Ne4
60.h5 Ke6 61.f4 Kf6 62.Kb3 Kg7 63.Kxb4 Nf2 64.Kc4 Nh3 65.Rf5 1-0

[Event "Valencia zt 2.3"]
[Site "Valencia"]
[Date "2000.??.??"]
[Round "6"]
[White "Russek Libni, Guil"]
[Black "Nogueiras Santiago, Jesus"]
[Result "0-1"]
[WhiteElo "2400"]
[BlackElo "2552"]
[EventDate "2000.08.23"]
[PlyCount "98"]

1.e4 Nf6 2.e5 Nd5 3.Nc3 Nxc3 4.bxc3 d6 5.f4 g6 6.d4 Bg7 7.Be3 c5 8.Nf3 Nc6
9.Qd2 Qa5 10.Bd3 Bg4 11.Rb1 O-O 12.Rxb7 Bxf3 13.gxf3 Rab8 14.Rxb8 Rxb8 15.
Kf2 Qxa2 16.dxc5 dxe5 17.Be4 Rd8 18.Qe2 exf4 19.Bxf4 Qa5 20.Be3 Rc8 21.Rb1
Bxc3 22.Qb5 Qc7 23.Bxc6 Qxc6 24.Qxc6 Rxc6 25.Rb7 Kf8 26.Rxa7 Bb4 27.Ra8+ 
Kg7 28.Bd4+ f6 29.Ra4 Bxc5 30.Bxc5 Rxc5 31.c4 Re5 32.f4 Re4 33.Kf3 f5 34.
Ra7 Kf7 35.Rc7 Re1 36.Rc8 h6 37.Rh8 Kg7 38.Re8 g5 39.fxg5 hxg5 40.c5 Kf7 
41.Rc8 Rh1 42.Kg2 Rc1 43.c6 Rc2+ 44.Kg3 Rc3+ 45.Kg2 g4 46.c7 Ke6 47.Kf2 
Ke5 48.Ke2 Ke4 49.Kd2 Rc6 0-1

[Event "Valencia zt 2.3"]
[Site "Valencia"]
[Date "2000.??.??"]
[Round "7"]
[White "Gonzalez Acosta, Bernal Manuel"]
[Black "Rohl Montes, Juan Armando"]
[Result "1-0"]
[WhiteElo "2428"]
[BlackElo "2350"]
[EventDate "2000.08.23"]
[PlyCount "99"]

1.Nf3 Nf6 2.c4 c5 3.g3 b6 4.Bg2 Bb7 5.O-O g6 6.Nc3 Bg7 7.d4 cxd4 8.Qxd4 
Nc6 9.Qh4 Na5 10.Be3 Rc8 11.b3 h6 12.Rac1 d6 13.Rfd1 Rc5 14.Bxc5 bxc5 15.
Qf4 O-O 16.Nd5 Nd7 17.Qd2 Nc6 18.Ne1 Kh7 19.Nd3 a5 20.N3f4 Nde5 21.Be4 Nd4
22.Nf6+ Bxf6 23.Bxb7 Bg5 24.Kf1 Qd7 25.Bg2 Ng4 26.h4 Bxf4 27.Qxf4 e5 28.
Qe4 f5 29.Qb7 Qxb7 30.Bxb7 f4 31.Bf3 h5 32.Bxg4 hxg4 33.gxf4 exf4 34.Rxd4 
cxd4 35.Rd1 Kh6 36.Rxd4 Kh5 37.Rxd6 Kxh4 38.Rxg6 Rd8 39.Rh6+ Kg5 40.Ra6 
Rd1+ 41.Kg2 Rd2 42.Rxa5+ Kf6 43.c5 Rxe2 44.Ra4 Ke5 45.c6 Rc2 46.Rc4 Rxc4 
47.bxc4 Kd6 48.a4 Kxc6 49.a5 Kc5 50.Kf1 1-0

[Event "Valencia zt 2.3"]
[Site "Valencia"]
[Date "2000.??.??"]
[Round "7"]
[White "Hernandez, Alexander"]
[Black "Estrada Nieto, Julian"]
[Result "1-0"]
[WhiteElo "2229"]
[BlackElo "2397"]
[EventDate "2000.08.23"]
[PlyCount "91"]

1.e4 e5 2.Nf3 Nc6 3.Bc4 Bc5 4.c3 Nf6 5.d3 a6 6.O-O d6 7.Bb3 Ba7 8.Nbd2 O-O
9.h3 h6 10.Re1 Nh5 11.Nf1 Qf6 12.Be3 Nf4 13.Ng3 Be6 14.Bxf4 exf4 15.Nh5 
Qe7 16.Nxf4 Bxb3 17.Qxb3 Ne5 18.Nxe5 dxe5 19.Nd5 Qc5 20.Ne3 b5 21.Rad1 
Rad8 22.Rd2 g6 23.Red1 c6 24.d4 Qe7 25.Ng4 exd4 26.cxd4 h5 27.Ne5 Qf6 28.
Nf3 g5 29.Qe3 g4 30.hxg4 hxg4 31.Ne5 Bb8 32.Nxg4 Qh4 33.Qf3 Kg7 34.e5 Rh8 
35.g3 Qg5 36.Qf6+ Qxf6 37.Nxf6 Ba7 38.b4 Kg6 39.Kg2 Kf5 40.f4 Rc8 41.Kf3 
Rh3 42.Ne4 Rc7 43.Rc2 Rh8 44.Rdc1 Bxd4 45.Rxc6 Rxc6 46.Rxc6 1-0

[Event "Valencia zt 2.3"]
[Site "Valencia"]
[Date "2000.??.??"]
[Round "7"]
[White "Nogueiras Santiago, Jesus"]
[Black "Leyva, Hector"]
[Result "1-0"]
[WhiteElo "2552"]
[BlackElo "2409"]
[EventDate "2000.08.23"]
[PlyCount "107"]

1.Nf3 d5 2.b3 Bg4 3.e3 Nd7 4.Bb2 e6 5.h3 Bh5 6.d3 Ngf6 7.Nbd2 c6 8.g3 h6 
9.Bg2 Bd6 10.O-O O-O 11.Qe1 Re8 12.Nh4 g5 13.Nhf3 e5 14.e4 d4 15.a3 Qe7 
16.Nh2 c5 17.a4 Nh7 18.Nc4 Bc7 19.Bc1 b6 20.f4 f6 21.fxg5 fxg5 22.Bf3 Bxf3
23.Rxf3 Rf8 24.Rxf8+ Rxf8 25.Qe2 Kg7 26.Nd2 Qe6 27.Kg2 Nb8 28.g4 Nc6 29.
Ndf1 Ne7 30.Ng3 Ng6 31.Nf5+ Kh8 32.Nf3 Nf4+ 33.Bxf4 exf4 34.Kf2 Qg6 35.h4 
Nf6 36.Rg1 gxh4 37.g5 hxg5 38.Nxg5 f3 39.Nxf3 Bg3+ 40.Nxg3 Ng4+ 41.Ke1 
hxg3 42.Rxg3 Qh5 43.Ng1 Qg5 44.Qh2+ Kg8 45.Ke2 Rf7 46.Nh3 Qh5 47.Qg2 Rg7 
48.Nf4 Qh4 49.e5 Qg5 50.Qa8+ Kh7 51.Qe4+ Kg8 52.e6 Qe5 53.Qxe5 Nxe5 54.e7 
1-0

[Event "Valencia zt 2.3"]
[Site "Valencia"]
[Date "2000.??.??"]
[Round "7"]
[White "Ordonez, Francisco"]
[Black "Russek Libni, Guil"]
[Result "1/2-1/2"]
[WhiteElo "2295"]
[BlackElo "2400"]
[EventDate "2000.08.23"]
[PlyCount "49"]

1.d4 e6 2.c4 d5 3.Nc3 c5 4.cxd5 cxd4 5.Qa4+ Bd7 6.Qxd4 exd5 7.Qxd5 Nc6 8.
Nf3 Nf6 9.Qd1 Bc5 10.e3 Qe7 11.Be2 O-O-O 12.O-O Kb8 13.a3 g5 14.b4 Bb6 15.
b5 Ne5 16.Nd4 Ba5 17.Bd2 Bc7 18.Na2 Neg4 19.g3 h5 20.Nb4 Ka8 21.Rc1 Bb6 
22.Bf3 Rc8 23.Qa4 Ne5 24.Bg2 g4 25.Nd5 1/2-1/2

[Event "Valencia zt 2.3"]
[Site "Valencia"]
[Date "2000.??.??"]
[Round "7"]
[White "Prasca Sosa, Raphael Felipe"]
[Black "Ostos, Julio"]
[Result "1-0"]
[WhiteElo "2256"]
[BlackElo "2344"]
[EventDate "2000.08.23"]
[PlyCount "113"]

1.e4 d6 2.d4 Nf6 3.Nc3 g6 4.Nf3 Bg7 5.Bc4 O-O 6.O-O Bg4 7.h3 Bxf3 8.Qxf3 
Nc6 9.Ne2 Nd7 10.Rd1 e5 11.c3 Qh4 12.Qg4 Qe7 13.d5 Nd8 14.Bd3 f6 15.Ng3 
Nf7 16.h4 Nc5 17.Be3 Qd7 18.Qxd7 Nxd7 19.f3 Bh6 20.Bf2 a5 21.Kf1 Nc5 22.
Bc2 a4 23.b4 Nd7 24.a3 Rfc8 25.Bd3 Kf8 26.Ke2 Ke7 27.Rdb1 c6 28.c4 cxd5 
29.cxd5 Rc3 30.Be3 Rc7 31.Bd2 Bf4 32.Nf1 Nb6 33.g3 Bxd2 34.Kxd2 Rf8 35.Rc1
Kd8 36.Rxc7 Kxc7 37.Rc1+ Kb8 38.Ne3 h5 39.Bb5 Nh6 40.Nc4 Nxc4+ 41.Rxc4 f5 
42.Rc3 f4 43.gxf4 Rxf4 44.Bxa4 Rxh4 45.Bd7 Nf7 46.a4 Rh2+ 47.Kc1 Ng5 48.a5
Ka7 49.Rc8 Nxf3 50.b5 b6 51.a6 Nd4 52.Bc6 Nxc6 53.dxc6 Rh3 54.Kb2 Rh2+ 55.
Kb3 Rh1 56.Rc7+ Ka8 57.Rb7 1-0